header

Ted Hughes (Record no. 200698)

MARC details
000 -LEADER
fixed length control field 01409nam a2200313 a 4500
100 1# - MAIN ENTRY--AUTHOR NAME
Personal name Roberts, Neil.
245 10 - TITLE STATEMENT
Title Ted Hughes
260 ## - PUBLICATION, DISTRIBUTION, ETC. (IMPRINT)
Place of publication Tirril [England] ;
-- Penrith, Calif. :
Name of publisher Humanities-Ebooks,
Year of publication 2007.
300 ## - PHYSICAL DESCRIPTION
Number of Pages 82 p.
490 0# - SERIES STATEMENT
Series statement Literature insights
505 0# - FORMATTED CONTENTS NOTE
Formatted contents note pt. 1. The context of New selected poems -- pt. 2. Artistic strategies and influences -- pt. 3. Reading New selected poems -- pt. 4. Reception -- pt. 5. Bibliography -- pt. 6. Appendices.
856 40 - ELECTRONIC LOCATION AND ACCESS
Uniform Resource Identifier http://site.ebrary.com/lib/rucke/Doc?id=10567324

No items available.

© 2026 Rongo University
Contact us: librarian | system librarian | Rongo university